[Event "Manikyanagar Chanchal Dad Memorial"]
[Site "Manikyanagar"]
[Date "2024.07.26"]
[Round "6"]
[White "Esshan, Wadhawan"]
[Black "Anadkat, Kartavya"]
[Result "1/2-1/2"]
[WhiteElo "1920"]
[BlackElo "2102"]
[PlyCount "155"]
[EventDate "2024.07.24"]
[EventType "swiss"]
[EventRounds "9"]
[EventCountry "IND"]
[SourceTitle "EXT 2025"]
[Source "ChessBase"]
[SourceDate "2024.10.14"]
[SourceVersion "1"]
[SourceVersionDate "2024.10.14"]
[SourceQuality "1"]

1. Nf3 Nf6 2. c4 b6 3. g3 Bb7 4. Bg2 c5 5. 0-0 e6 6. Nc3 Be7 7. d4 cxd4 8. Qxd4 d6 9. Bg5 a6 10. Bxf6 Bxf6 11. Qf4 Be7 12. Rfd1 0-0 13. Ne4 Bxe4 14. Qxe4 Ra7 15. Nd4 Rc7 16. b3 Re8 17. a4 Bf8 18. e3 Nd7 19. a5 bxa5 20. Rxa5 Rxc4 21. Rda1 Rc1+ 22. Rxc1 Qxa5 23. Qc6 Nf6 24. Bf1 e5 25. Nf3 Rb8 26. Qxa6 Qxa6 27. Bxa6 Rxb3 28. Rc7 h6 29. Bc4 Rb1+ 30. Kg2 d5 31. Bd3 Rb8 32. Bc2 Rd8 33. Rb7 Bd6 34. Nd2 g6 35. Bb3 Rb8 36. Rxb8+ Bxb8 37. Kf3 Kf8 38. e4 d4 39. Ke2 Nd7 40. f3 Ke7 41. Bc2 Bc7 42. Nc4 Nc5 43. Nb2 Nb7 44. Nc4 Ke6 45. Nb2 f5 46. Nd3 Kf6 47. Nb4 Bd6 48. Nd5+ Ke6 49. Nb6 Nc5 50. Nc4 Bc7 51. Nb2 fxe4 52. fxe4 Kd6 53. Kf3 Ne6 54. h4 h5 55. Bb3 Ke7 56. Nd3 Bd6 57. Bc4 Kf6 58. Bd5 Nf8 59. g4 hxg4+ 60. Kxg4 Nd7 61. Bc6 Nf8 62. Bd5 Kg7 63. h5 Nd7 64. hxg6 Kxg6 65. Bc6 Nf6+ 66. Kf3 Kg5 67. Nf2 Kh4 68. Bb5 Nh7 69. Bd7 Ng5+ 70. Kg2 Bc7 71. Bf5 Nf7 72. Kf3 Kg5 73. Bc8 Kf6 74. Bb7 Ba5 75. Ng4+ Ke7 76. Nf2 Kd6 77. Nd3 Bd2 78. Kg4 1/2-1/2

[Event "Manikyanagar Chanchal Dad Memorial"]
[Site "Manikyanagar"]
[Date "2024.07.25"]
[Round "4"]
[White "Esshan, Wadhawan"]
[Black "Chudasama, Ankit"]
[Result "1-0"]
[WhiteElo "1920"]
[BlackElo "1767"]
[PlyCount "91"]
[EventDate "2024.07.24"]
[EventType "swiss"]
[EventRounds "9"]
[EventCountry "IND"]
[SourceTitle "EXT 2025"]
[Source "ChessBase"]
[SourceDate "2024.10.14"]
[SourceVersion "1"]
[SourceVersionDate "2024.10.14"]
[SourceQuality "1"]

1. c4 Nf6 2. Nf3 g6 3. Nc3 Bg7 4. g3 0-0 5. Bg2 d6 6. 0-0 c5 7. d4 Nc6 8. dxc5 dxc5 9. Be3 Be6 10. Qa4 Nd4 11. Rac1 Ng4 12. Bf4 Bd7 13. Qa3 e5 14. Bg5 f6 15. Bd2 Bc6 16. Nxd4 cxd4 17. Nd5 Re8 18. Ba5 b6 19. Bb4 Kh8 20. h3 Nh6 21. Be7 Qc8 22. Bxf6 Bxf6 23. Nxf6 Bxg2 24. Nxe8 Qxe8 25. Kxg2 Nf5 26. Qa6 Qc6+ 27. Kh2 e4 28. Qb5 Qc7 29. Qd5 Re8 30. c5 b5 31. c6 Re7 32. Qxb5 d3 33. exd3 e3 34. Qb7 Qxb7 35. cxb7 Rxb7 36. fxe3 Rxb2+ 37. Kg1 Nxg3 38. Rf2 Ne2+ 39. Kg2 Nxc1 40. Rxb2 Nxd3 41. Rb7 a5 42. Ra7 Ne5 43. Rxa5 Nc4 44. Rc5 Nxe3+ 45. Kf3 Nd1 46. Rc2 1-0

[Event "Bikaner op 1st"]
[Site "Bikaner"]
[Date "2022.10.07"]
[Round "8"]
[White "Phatak, Aanjaneya"]
[Black "Esshan, Wadhawan"]
[Result "0-1"]
[WhiteElo "2102"]
[BlackElo "1935"]
[PlyCount "74"]
[EventDate "2022.10.01"]
[EventType "swiss"]
[EventRounds "10"]
[EventCountry "IND"]
[SourceTitle "CBM 210 Extra"]
[Source "ChessBase"]
[SourceDate "2022.11.30"]
[SourceVersion "1"]
[SourceVersionDate "2022.11.30"]
[SourceQuality "1"]

1. e4 c6 2. d4 d5 3. Nd2 dxe4 4. Nxe4 Bf5 5. Ng3 Bg6 6. h4 h6 7. Nf3 Nd7 8. h5 Bh7 9. Bd3 Bxd3 10. Qxd3 e6 11. Bd2 Ngf6 12. 0-0-0 Be7 13. Kb1 0-0 14. Ne4 c5 15. g4 Nxg4 16. Rhg1 f5 17. Qb3 Qb6 18. Qc4 fxe4 19. Rxg4 exf3 20. Bxh6 Rf7 21. Rdg1 Bf6 22. Bxg7 Rxg7 23. Rxg7+ Bxg7 24. h6 Nf6 25. Rxg7+ Kh8 26. Qd3 Qd6 27. Rf7 Rg8 28. a3 Qd5 29. c4 Qg5 30. Qxf3 Qg6+ 31. Ka2 Qxf7 32. dxc5 Rg6 33. Qe3 Kh7 34. f4 Rxh6 35. Qd3+ Rg6 36. f5 exf5 37. Qxf5 Qxc4+ 0-1

[Event "Bikaner op 1st"]
[Site "Bikaner"]
[Date "2022.10.04"]
[Round "5"]
[White "Esshan, Wadhawan"]
[Black "Dhananjay, S."]
[Result "0-1"]
[WhiteElo "1935"]
[BlackElo "2181"]
[PlyCount "80"]
[EventDate "2022.10.01"]
[EventType "swiss"]
[EventRounds "10"]
[EventCountry "IND"]
[SourceTitle "CBM 210 Extra"]
[Source "ChessBase"]
[SourceDate "2022.11.30"]
[SourceVersion "1"]
[SourceVersionDate "2022.11.30"]
[SourceQuality "1"]

1. e4 g6 2. d4 Bg7 3. Nf3 d6 4. Be3 Nf6 5. Bd3 0-0 6. 0-0 Nc6 7. h3 e5 8. c3 d5 9. dxe5 Nxe4 10. Bf4 Nc5 11. Bc2 a5 12. Qd2 Ne6 13. Bg3 f6 14. exf6 Bxf6 15. Na3 d4 16. Nb5 dxc3 17. bxc3 Ne5 18. Bxe5 Qxd2 19. Nxd2 Bxe5 20. Rfe1 Bf4 21. Nc4 Nc5 22. g3 c6 23. Nbd6 Bxd6 24. Nxd6 Bxh3 25. Re7 Rad8 26. Rd1 b6 27. Nc4 Bg4 28. Rd4 Rxd4 29. cxd4 Ne6 30. d5 Nd4 31. Bd3 cxd5 32. Nxb6 Bf3 33. Rd7 Nc6 34. Rd6 Ne7 35. Bc2 Kg7 36. Bb3 Rf5 37. Rd7 Rh5 38. Rxe7+ Kf8 39. Rxh7 Rxh7 40. Bxd5 Rh1# 0-1

[Event "Commonwealth-ch U14"]
[Site "New Delhi"]
[Date "2018.07.01"]
[Round "5"]
[White "Karthik, Sai Ch"]
[Black "Esshan, Wadhawan"]
[Result "1-0"]
[WhiteElo "1789"]
[BlackElo "1876"]
[PlyCount "93"]
[EventDate "2018.06.26"]
[EventType "swiss"]
[EventRounds "7"]
[EventCountry "IND"]
[SourceTitle "EXT 2019"]
[Source "ChessBase"]
[SourceDate "2018.10.10"]
[SourceVersion "1"]
[SourceVersionDate "2018.10.10"]
[SourceQuality "1"]

1. d4 Nf6 2. Nf3 d5 3. Bf4 c5 4. e3 Nc6 5. Nbd2 e6 6. c3 Bd6 7. Bxd6 Qxd6 8. Bb5 Bd7 9. 0-0 0-0 10. a4 Rac8 11. Qb3 a6 12. Bxc6 Bxc6 13. Qa3 b6 14. a5 Bb7 15. Nb3 Ne4 16. Nfd2 c4 17. Nxe4 Qxa3 18. Rxa3 dxe4 19. Nc1 b5 20. Na2 f5 21. Nb4 Rf6 22. f3 f4 23. fxe4 fxe3 24. Rxf6 gxf6 25. Ra1 Ra8 26. Re1 Bxe4 27. Rxe3 Bf5 28. g4 Bg6 29. Rxe6 Kf7 30. Rxa6 Re8 31. Ra7+ Kf8 32. a6 Re2 33. Ra8+ Kf7 34. a7 Be4 35. d5 Re1+ 36. Kf2 Ra1 37. Ke3 Bh1 38. Rh8 Rxa7 39. Rxh7+ Kg6 40. Rxa7 Kg5 41. Rg7+ Kh6 42. Re7 Kg5 43. d6 Kxg4 44. d7 f5 45. Rg7+ Kh3 46. d8Q Kxh2 47. Qh8# 1-0

[Event "IND-ch U13 31st"]
[Site "Jalandhar"]
[Date "2017.06.26"]
[Round "8"]
[White "Aaryan, Varshney"]
[Black "Esshan, Wadhawan"]
[Result "1-0"]
[WhiteElo "1752"]
[BlackElo "1785"]
[PlyCount "63"]
[EventDate "2017.06.21"]
[EventType "swiss"]
[EventRounds "11"]
[EventCountry "IND"]
[SourceTitle "CBM 179 Extra"]
[Source "ChessBase"]
[SourceDate "2017.08.23"]
[SourceVersion "1"]
[SourceVersionDate "2017.08.23"]
[SourceQuality "1"]

1. d4 d5 2. c4 e6 3. Nc3 c6 4. e3 Bd6 5. Bd3 f5 6. f4 Nf6 7. Nf3 0-0 8. 0-0 Bd7 9. Ne5 Be8 10. h3 Bh5 11. Qb3 b6 12. cxd5 cxd5 13. Bd2 Be8 14. Rac1 Nh5 15. Bb5 Bxb5 16. Nxb5 Ng3 17. Rfe1 Ne4 18. Bb4 Bxb4 19. Qxb4 a5 20. Qb3 Nd7 21. Nc7 Nxe5 22. dxe5 Rc8 23. Nxe6 Qh4 24. Nxf8 Qf2+ 25. Kh1 Rc4 26. Qd1 Rxc1 27. Qxd5+ Kh8 28. Rxc1 h6 29. Ng6+ Kh7 30. Ne7 h5 31. Qg8+ Kh6 32. Qh8# 1-0